Cours de mécanique (Record no. 53156)
[ view plain ]
| 000 -LEADER | |
|---|---|
| campo de control de longitud fija | 00632nam a2200205 i 4500 |
| 001 - NÚMERO DE CONTROL | |
| campo de control | 53156 |
| 003 - IDENTIFICADOR DE NÚMERO DE CONTROL | |
| campo de control | ES-MaACL |
| 005 - FECHA Y HORA DE LA ÚLTIMA TRANSACCIÓN | |
| campo de control | 20250814045706.0 |
| 007 - CAMPO FIJO DE DESCRIPCIÓN FÍSICA--INFORMACIÓN GENERAL | |
| campo de control de longitud fija | t| |
| 008 - DATOS DE LONGITUD FIJA--INFORMACIÓN GENERAL | |
| campo de control de longitud fija | 950912s1885 fr |||| | fre d |
| 040 ## - FUENTE DE CATALOGACIÓN | |
| Centro catalogador/agencia de origen | CAM |
| Lengua de catalogación | spa |
| Centro/agencia transcriptor | CAM |
| 100 1# - ENTRADA PRINCIPAL--NOMBRE DE PERSONA | |
| Nombre de persona | Dulos, Pascal. |
| 9 (RLIN) | 45975 |
| 245 10 - MENCIÓN DEL TÍTULO | |
| Título | Cours de mécanique |
| Resto del título | : áa l'usage des écoles d'arts et métiers et de l'enseignement spécial des lycées / |
| Mención de responsabilidad, etc. | par Pascal Dulos. |
| 250 ## - MENCION DE EDICION | |
| Mención de edición | 2e éd. |
| 260 ## - PUBLICACIÓN, DISTRIBUCIÓN, ETC. | |
| Lugar de publicación, distribución, etc. | Paris : |
| Nombre del editor, distribuidor, etc. | Gauthier-Villars, |
| Fecha de publicación, distribución, etc. | 1885. |
| 300 ## - DESCRIPCIÓN FÍSICA | |
| Extensión | 5 v. ; |
| Dimensiones | 22 cm. |
| 650 07 - PUNTO DE ACCESO ADICIONAL DE MATERIA--TÉRMINO DE MATERIA | |
| Término de materia o nombre geográfico como elemento de entrada | Mecánica |
| Fuente del encabezamiento o término | embne |
| 9 (RLIN) | 14869 |
| 852 ## - LOCALIZACIÓN | |
| Ubicación | ES-MaACL |
| Número de control de estantería | B-950-54 |
| Estatus retirado | Estado de pérdida | Estado de daño | No para préstamo | Colección | Biblioteca de origen | Biblioteca actual | Ubicación en estantería | Fecha de adquisición | Fuente de adquisición | Total de préstamos | Signatura topográfica completa | Código de barras | Visto por última vez | Precio de reemplazo | Tipo de ítem Koha |
|---|---|---|---|---|---|---|---|---|---|---|---|---|---|---|---|
| Libros del s. XIX | Biblioteca del Ateneo de Madrid | Biblioteca del Ateneo de Madrid | Sala Pardo Bazán | 17/01/2008 | B-950-54 | 1055853 | 23/02/2023 | 23/02/2023 | Libro impreso antiguo |
